| 000 | 00653nam a2200181 a 4500 | ||
|---|---|---|---|
| 001 | 000034217 | ||
| 005 | 20250310185100.0 | ||
| 008 | 110928s1990 dr 000 0 spa d | ||
| 040 |
_aDO-SdBNP _bspa _cBNPHU |
||
| 082 |
_axxxx _bS455 |
||
| 111 | 2 |
_aBienal de Arquitectura _n(3a _d1990 _cSanto Domingo) _959636 |
|
| 245 | 1 | 0 |
_aArquitectura del siglo XX en America Latina : _b(notas preliminares) / _cRoberto Segre ; editor Emilio J. Brea G. |
| 260 |
_aSanto Domingo : _bMograf, Taller Gráfico, _c1990. |
||
| 300 |
_a68 p. : _bils., retr. ; _c28 cm. |
||
| 700 | 1 |
_aSegre, Roberto _d1934-2013 _959637 |
|
| 700 | 1 |
_aBrea G., Emilio J. _eed. _959638 |
|
| 049 | _aBNPD | ||
| 999 |
_c33708 _d33708 |
||